00655nam a22002057a 450000500170000001000130001702000100003003500130004003700160005304000120006908200180008110000160009924500790011526000570019427000490025130000230030050000500032365000390037365000370041220170124110124.0 aA-286516 c00.00 aA-286516 bCen Lib/Ret aDPLbEN a954.0841bGUH aGuha, Samar aThe Mahatma and the Netaji :cby Samar Guhabtwo men of destiny of India / aNew DelhibSterling Publishers Private Limitedc1986 aL-10 Green Park ExtensionbNew Delhie110016 ax,244p. c20cm(Hb) aIncludes bibliographical references and index aBose, Subhas Chandra, -- 1897-1945 aGandhi, -- Mahatma, -- 1869-1948